000 00928nam a2200253 a 4500
001 BRL_1340
005 20190320211145.0
008 070114s1976----mx-a######---#000-p#spa-#
041 _aspa
044 _amx
084 _aPQ7161
_b.S26 1976
100 1 _aSantana, Graciela
_926577
245 1 0 _aPoesía en diseño
_bartesanía textil mazahua y otomí : Tonjo na joo : yonda jocu yo mbee mazahua nñje yo nojo
_cGraciela Santana ; traducción Benito Hernández González.
260 _aSantiago Coachochitlan, Temascalcingo Edo. de México
_b[s.n.]
_c[ca. 1976]
300 _a114 .
_bil.
_c21 cm.
500 _aAu1589
500 _aTexto en: Español, mazahua y otomí
650 1 4 _aPoesía
_917631
650 1 4 _aFábricas textiles indígenas
_zMéxico
_926368
700 1 _aHernández González, Benito
_etr.
_926578
740 0 _aTonjo na joo : yonda jocu yo mbee mazahua nñje yo nojo
902 _aGRL
942 _2lcc
_cB
999 _c10152
_d10152